The complete genomic structure of a Singapore isolate of odontoglossum ringspot tobamovirus /
Saved in:
| 主要作者: | |
|---|---|
| 格式: | Thesis 圖書 |
| 語言: | English |
| 出版: |
1996.
|
| 主題: | |
| 標簽: |
添加標簽
沒有標簽, 成為第一個標記此記錄!
|
| LEADER | 00830cam a2200241 a 4500 | ||
|---|---|---|---|
| 001 | u404577 | ||
| 003 | SIRSI | ||
| 008 | 961101s1996 si v 00 1 eng m | ||
| 035 | |a ACB-6504 | ||
| 040 | |a UMM | ||
| 090 | |a QK495 |b O64Chn | ||
| 100 | 1 | 0 | |a Chng, Chee Giok. |
| 245 | 1 | 4 | |a The complete genomic structure of a Singapore isolate of odontoglossum ringspot tobamovirus / |c by Chng Chee Giok. |
| 260 | |c 1996. | ||
| 300 | |a xiii, 105 leaves : |b ill. ; |c 31 cm. | ||
| 502 | |a Dissertation (M.Sc.) -- National University of Singapore, 1996. | ||
| 504 | |a Bibliography: leaves 87-102. | ||
| 650 | 0 | |a Odontoglossum ringspot virus. | |
| 650 | 0 | |a Orchids |x Diseases and pests |x Control. | |
| 650 | 0 | |a Plant viruses. | |
| 948 | |a 01/11/1996 |b 25/11/2000 | ||
| 596 | |a 1 | ||
| 999 | |a QK495 O64CHN |w LC |c 1 |i A506388645 |l STACKS |m P01UTAMA |r Y |s Y |t TESIS |u 4/2/1997 | ||
